| 000 | 00904nam a2200229 i 4500 | ||
|---|---|---|---|
| 001 | 125201 | ||
| 003 | ES-MaACL | ||
| 005 | 20230906192557.0 | ||
| 007 | t| | ||
| 008 | 070507s1934 sp ||||1| spa d | ||
| 100 | 1 |
_aFernández Ardavín, Luis, _d1891-1962 _949469 |
|
| 245 | 1 | 0 |
_aAgua de mar _b: comedia dramática en tres actos y un epílogo, en verso / _cLuis Fernández Ardavín ; dibujos de Antonio Merlo. |
| 260 |
_aMadrid : _b[s.n.], _c1934 ( _fRivadeneyra) |
||
| 300 |
_a95 p. ; _c17 cm. |
||
| 490 | 1 |
_aLa Farsa ; _v354 |
|
| 500 | _aEstrenada en el Teatro Fontalba de Madrid, por la compañia de Carmen Díaz, el 7 de marzo de 1934. | ||
| 500 | _acubierta de este número: Carmen Díaz y Nicolás Navarro en escena de Agua de mar. | ||
| 700 | 1 |
_aMerlo, Antonio. _980579 |
|
| 830 | 0 |
_aLa Farsa ; _v354 _9185863 |
|
| 852 |
_aES-MaACL _j2230-F-13 _bR.140858 |
||
| 999 |
_c125201 _d125201 |
||